[Event "Barcelona Sant Marti op-B 15th"]
[Site "Barcelona"]
[Date "2013.07.18"]
[Round "6"]
[White "Romeo Ros, Joaquin"]
[Black "Serra Vilaro, Agustin"]
[Result "1-0"]
[WhiteElo "1688"]
[BlackElo "1849"]
[PlyCount "61"]
[EventDate "2013.07.13"]
[EventType "swiss"]
[EventRounds "9"]
[EventCountry "ESP"]
[SourceTitle "CBM 155 Extra"]
[Source "ChessBase"]
[SourceDate "2013.08.26"]
[SourceVersion "1"]
[SourceVersionDate "2013.08.26"]
[SourceQuality "1"]

1. d4 f5 2. e4 fxe4 3. Nc3 d5 4. Qh5+ g6 5. Qxd5 Nf6 6. Qxd8+ Kxd8 7. Bg5 Nbd7 8. 0-0-0 c6 9. Bc4 b5 10. Be6 b4 11. Na4 h6 12. Be3 Bg7 13. Ne2 Nd5 14. Ng3 N7f6 15. Nc5 h5 16. Bxc8 Kxc8 17. Ngxe4 Nxe3 18. fxe3 Bh6 19. Rd3 Ng4 20. Kd2 e5 21. Ke2 Nxe3 22. Rxe3 Bxe3 23. Kxe3 exd4+ 24. Kxd4 Rf8 25. Kc4 Rf4 26. Rd1 a5 27. Rd4 Kb8 28. Kd3 Rf5 29. Rd8+ Ka7 30. Rd7+ Kb8 31. Rb7+ 1-0

[Event "Barcelona Sant Marti op-B 15th"]
[Site "Barcelona"]
[Date "2013.07.13"]
[Round "1"]
[White "Cartro Turu, Gabriel"]
[Black "Romeo Ros, Joaquin"]
[Result "1/2-1/2"]
[WhiteElo "1944"]
[BlackElo "1688"]
[PlyCount "61"]
[EventDate "2013.07.13"]
[EventType "swiss"]
[EventRounds "9"]
[EventCountry "ESP"]
[SourceTitle "CBM 155 Extra"]
[Source "ChessBase"]
[SourceDate "2013.08.26"]
[SourceVersion "1"]
[SourceVersionDate "2013.08.26"]
[SourceQuality "1"]

1. e4 c5 2. c3 d6 3. d4 Nf6 4. dxc5 dxc5 5. Qxd8+ Kxd8 6. f3 Nc6 7. Be3 e5 8. Nd2 Be6 9. 0-0-0 Kc7 10. Bc4 Bxc4 11. Nxc4 Be7 12. Ne2 Rad8 13. Rxd8 Rxd8 14. Rd1 Rxd1+ 15. Kxd1 Nd7 16. Bf2 b5 17. Ne3 Nb6 18. b3 a6 19. Kc2 c4 20. b4 g6 21. h3 Nd8 22. g3 Ne6 23. f4 Bd6 24. Nd5+ Nxd5 25. exd5 Nf8 26. fxe5 Bxe5 27. Bc5 Nd7 28. Nd4 Nf6 29. Nf3 Bd6 30. Ng5 Nxd5 31. Bxd6+ 1/2-1/2

[Event "Llobregat op 1st"]
[Site "Llobregat"]
[Date "2008.01.05"]
[Round "9"]
[White "Romeo Ros, Joaquin"]
[Black "Aparicio Escudero, Hector F"]
[Result "0-1"]
[WhiteElo "1696"]
[BlackElo "1829"]
[PlyCount "99"]
[EventDate "2007.12.26"]
[EventType "swiss"]
[EventRounds "9"]
[EventCountry "ESP"]
[SourceTitle "CBM 122 Extra"]
[Source "ChessBase"]
[SourceDate "2008.03.04"]
[SourceVersion "1"]
[SourceVersionDate "2008.03.04"]
[SourceQuality "1"]

1. d4 Nf6 2. Nf3 d5 3. c4 e6 4. Bg5 Bb4+ 5. Nc3 0-0 6. e3 c5 7. Bd3 cxd4 8. exd4 dxc4 9. Bxc4 Nbd7 10. 0-0 Qc7 11. Bd3 Bxc3 12. Rc1 Qa5 13. bxc3 Qxa2 14. Re1 Qa5 15. c4 Qd8 16. Qc2 h6 17. Bh4 Nb6 18. h3 Bd7 19. Be4 Bc6 20. d5 exd5 21. cxd5 Bxd5 22. Rcd1 Bxe4 23. Rxe4 Qc8 24. Qxc8 Rfxc8 25. Re7 Nfd5 26. Rxb7 Rcb8 27. Rxb8+ Rxb8 28. Bg3 Ra8 29. Be5 a5 30. Nd2 a4 31. Ra1 Rc8 32. Kf1 Nb4 33. Bd6 Nc2 34. Ra2 Rd8 35. Bf4 Nb4 36. Bc7 Nxa2 37. Bxd8 Nd5 38. Nc4 Kf8 39. g3 Ke8 40. Ba5 Kd7 41. Ke1 Kc6 42. Na3 Kc5 43. Kd2 Kd4 44. Kc2 Ndb4+ 45. Kd2 Ke4 46. Ke2 Nc6 47. Bd2 Nd4+ 48. Kd1 Kd3 49. Ba5 Nc3+ 50. Kc1 0-1